<?xml version="1.0" encoding="UTF-8"?>
<record
    xmlns:xsi="http://www.w3.org/2001/XMLSchema-instance"
    xsi:schemaLocation="http://www.loc.gov/MARC21/slim http://www.loc.gov/standards/marcxml/schema/MARC21slim.xsd"
    xmlns="http://www.loc.gov/MARC21/slim">

  <leader>01321nab a2200277   4500</leader>
  <controlfield tag="003">AR-RoBPED</controlfield>
  <controlfield tag="005">20260401120914.0</controlfield>
  <controlfield tag="008">260401b        |||||||| |||| 00| 0 spa d</controlfield>
  <datafield tag="040" ind1=" " ind2=" ">
    <subfield code="a">AR-RoBPED</subfield>
  </datafield>
  <datafield tag="041" ind1=" " ind2=" ">
    <subfield code="a">spa</subfield>
  </datafield>
  <datafield tag="100" ind1="1" ind2=" ">
    <subfield code="a">Alonso, Constanza</subfield>
    <subfield code="9">30683</subfield>
    <subfield code="e">Licenciada en Ciencia Pol&#xED;tica</subfield>
  </datafield>
  <datafield tag="245" ind1="1" ind2=" ">
    <subfield code="a">Apostar no es juego :</subfield>
    <subfield code="b">consumo problem&#xE1;tico de apuestas en l&#xED;nea de adolescentes y j&#xF3;venes /</subfield>
  </datafield>
  <datafield tag="260" ind1=" " ind2=" ">
    <subfield code="a">Buenos Aires :</subfield>
    <subfield code="b">Noveduc,</subfield>
    <subfield code="c">2025</subfield>
  </datafield>
  <datafield tag="300" ind1=" " ind2=" ">
    <subfield code="a">16-20 p.</subfield>
  </datafield>
  <datafield tag="500" ind1=" " ind2=" ">
    <subfield code="a">Los autores dan cuenta de una investigaci&#xF3;n federal sobre apuestas online en el universo de adolescentes y j&#xF3;venes de 15 a 29 a&#xF1;os cuyo prop&#xF3;sito es visibilizar el problema, construir una evidencia emp&#xED;rica mediante un m&#xE9;todo cient&#xED;fico y contribuir al dise&#xF1;o de pol&#xED;ticas p&#xFA;blicas. </subfield>
  </datafield>
  <datafield tag="650" ind1=" " ind2="7">
    <subfield code="a">LUDOPAT&#xCD;A</subfield>
    <subfield code="9">30037</subfield>
  </datafield>
  <datafield tag="650" ind1=" " ind2="7">
    <subfield code="a">PROBLEMAS SOCIALES</subfield>
    <subfield code="9">922</subfield>
  </datafield>
  <datafield tag="650" ind1=" " ind2="7">
    <subfield code="a">INVESTIGACION SOCIAL</subfield>
    <subfield code="9">5776</subfield>
  </datafield>
  <datafield tag="650" ind1=" " ind2="7">
    <subfield code="a">JUEGO</subfield>
    <subfield code="9">374</subfield>
  </datafield>
  <datafield tag="650" ind1=" " ind2="7">
    <subfield code="a">ADOLESCENTES</subfield>
    <subfield code="9">2906</subfield>
  </datafield>
  <datafield tag="700" ind1="1" ind2=" ">
    <subfield code="a">Cabani, Fernando</subfield>
    <subfield code="9">30684</subfield>
    <subfield code="e">Licenciado en Servicio Social</subfield>
  </datafield>
  <datafield tag="700" ind1="1" ind2=" ">
    <subfield code="a">Romeo, Mart&#xED;n </subfield>
    <subfield code="9">30685</subfield>
    <subfield code="e">Licenciado en Ciencias de la Comunicaci&#xF3;n</subfield>
  </datafield>
  <datafield tag="773" ind1="0" ind2=" ">
    <subfield code="0">20414</subfield>
    <subfield code="9">41867</subfield>
    <subfield code="d">Buenos Aires :  Noveduc,  1993-</subfield>
    <subfield code="t">Novedades Educativas</subfield>
    <subfield code="w">(AR-RoBPED)20414</subfield>
    <subfield code="x">03283534</subfield>
  </datafield>
  <datafield tag="942" ind1=" " ind2=" ">
    <subfield code="2">udc</subfield>
    <subfield code="c">REV</subfield>
    <subfield code="h">37(05)</subfield>
    <subfield code="m">Nov 86 N&#xB0; 400 (Feb.2025)</subfield>
    <subfield code="a">k.32495</subfield>
  </datafield>
  <datafield tag="945" ind1=" " ind2=" ">
    <subfield code="a">mar 03/2026</subfield>
  </datafield>
  <datafield tag="999" ind1=" " ind2=" ">
    <subfield code="c">32495</subfield>
    <subfield code="d">32495</subfield>
  </datafield>
</record>
